Parcours europa league OL 24-25 - Statistiques

Statistiques générales
  • Ce quiz a été pris 48 fois
  • Le résultat moyen est 6 sur 12
Statistiques - réponses
Hint Réponse % Correct
2-2 Manchester United
97%
4-5 Manchester United
97%
0-1 Besiktas
49%
3-2 Francfort
49%
1-4 Rangers
49%
1-3 Bucarest
41%
4-0 Bucarest
41%
0-0 Fenerbahce
33%
1-1 Ludogorets
31%
2-0 Olympiakos
31%
1-4 Qarabag
28%
2-2 Hoffenheim
26%
Aucun quiz correspondant
Distribution des résultats
% des personnes avec chaque résultat
Percentile par nombre de réponses
Votre historique - résultats
Vous n’avez pas pris ce quiz